Les assurances - Statistiques

Statistiques générales
  • Ce quiz a été pris 11 fois
  • Le résultat moyen est 5 sur 15
Statistiques - réponses
Hint Réponse % Correct
(général) Délai pour déclarer une catastrophe naturelle (en jours ouvrés) 10
88%
(général) Délai pour déclarer un vol (en jours ouvrés) 2
75%
(auto) Nombre de types de victimes selon la loi Badinter 4
50%
(auto) Les remorques, semi-remorques, engins agricoles, véhicules de chantier et NVEI sont-ils des VTM ? Oui
50%
(général) Ratio mesurant rapport entre prestations versées et cotisations perçues S/P
50%
(auto) Année loi Badinter 1985
38%
(général) En cas de fausse déclaration intentionnelle, le contrat devient : Nul
38%
(général) Recours de l'assureur de la victime contre le tiers responsable après avoir indemnisé son assuré Subrogatoire
25%
(général) Durée prescription en assurance 2 ans
13%
(général) Principe qui fait que l'indemnité ne peut pas dépasser la valeur du préjudice Principe indemnitaire
13%
(vie) La formule "montant du rachat - (versement * montant du rachat / valeur totale du contrat)" correspond au calcul de gain imposable lors d'un : Rachat partiel
13%
(MRH) Montant pour reconstruire ou réparer - (montant pour reconstruire ou réparer * pourcentage de vétusté * 100) Valeur d'usage
13%
(auto) Numéros articles de la loi Badinter disposant du fait que la faute, commise par la victime, a pour effet de limiter ou d'exclure l'indemnisation des dommages aux biens qu'elle a subis 4 et 5
0%
(santé) En plus de l'optique et du dentaire, le 100 % santé concerne également : Audiologie
0%
(auto) Selon ces mêmes articles (cf question précédente), la faute du conducteur est appréciée par rapport au : Code de la route
0%
Aucun quiz correspondant
Distribution des résultats
% des personnes avec chaque résultat
Percentile par nombre de réponses
Votre historique - résultats
Vous n’avez pas pris ce quiz